| 000 | 01109cam a2200229 a 4500 | ||
|---|---|---|---|
| 999 |
_c7754 _d7754 |
||
| 003 | OSt | ||
| 005 | 20200519131653.0 | ||
| 008 | 080219s2009 dcuab b 001 0 eng | ||
| 020 | _a9781597264822 (cloth : alk. paper) | ||
| 082 | 0 | 0 |
_a307.121 _222 |
| 100 | 1 | _aCrankshaw, Ned. | |
| 245 | 1 | 0 |
_aCreating vibrant public spaces : _bstreetscape design in commercial and historic districts / _cby Ned Crankshaw. |
| 260 |
_aWashington : _bIsland Press, _cc2009. |
||
| 300 |
_avii, 215 p. : _bill., maps ; _c26 cm. |
||
| 504 | _aIncludes bibliographical references (p. 199-206) and index. | ||
| 505 | 0 | _aA philosophical basis for downtown design -- Space and land use configuration in historic commercial districts -- Connections: neighborhood and downtown -- Walking downtown: the visitor's experience -- The arrangement of parking: a design perspective -- Streetscape and public space design guidelines. | |
| 650 | 0 |
_aCity planning _zUnited States. |
|
| 650 | 0 |
_aCentral business districts _zUnited States. |
|
| 650 | 0 |
_aHistoric districts _zUnited States. |
|
| 650 | 0 |
_aUrban renewal _zUnited States. |
|
| 942 | _2ddc | ||